00968nam a2200265 i 450000100060000000300090000600500170001500800410003202000180007308000340009110000310012524501010015625000120025726000370026930000540030649000170036050400280037760000390040560000380044470000340048283000250051685200220054199900170056395201220058066445ES-MaACL20240219214442.0030114s2002 sp af |||| |bspa d a84-8460-220-6 a929 Franco Bahamonde, Ramón1 aLeguina, Joaquín.97131310aRamón Franco b: el hermano olvidado del dictador / cJoaquín Leguina, Asunción Núñez. a1ª ed. aMadrid : bTemas de hoy, c2002. a263 p., [8] h. de lám. : bil., fot. ; c24 cm.1 aBiografías aBibliografía. Indice.14aFranco, Ramón,d1896-193895224534aFranco Bahamonde (Familia)9522461 aNúñez, Asunción.9861420 aBiografías9180531 aES-MaACLjL-26934 c66445d66445 00104070aATENEOMbATENEOMcDEPO2d2008-01-17eSCl0oL-26934p1069607r2023-02-23 00:00:00w2023-02-23yMONOGRAFIA